Optimalizácia ustavovacieho prípravku pre diel karosérie automobilu v spoločnosti KUKA Slovakia s.r.o.

Enregistré dans:
Détails bibliographiques
Auteur principal: Vrzala, Tomáš (Auteur)
Autres auteurs: Csekei, Martin (Directeur de thèse)
Format: Manuscrit Livre
Langue:slovaque
Publié: 2023
Sujets:
Accès en ligne:http://is.stuba.sk/zp/portal_zp.pl?podrobnosti=164077
Tags: Ajouter un tag
Pas de tags, Soyez le premier à ajouter un tag!

MARC

LEADER 00000ntm a22000003a 4500
001 stuzp93850
003 SK-STU
005 20230909220249.9
007 ta
008 150427s2015----xo-----f-mn---000-0-slo-d
040 |a STU  |b slo 
041 0 |a slo 
100 1 |a Vrzala, Tomáš  |u 063000  |4 aut  |U MTF Materiálovotechnologická fakulta  |T MTF Ústav výrobných technológií  |X 111882  |U M3000  |Y 83  |7 111882 
242 0 1 |a Optimization of the establishing fixture for a car body part in the company KUKA Slovakia s.r.o.  |y eng 
245 1 0 |a Optimalizácia ustavovacieho prípravku pre diel karosérie automobilu v spoločnosti KUKA Slovakia s.r.o. 
260 |c 2023 
650 4 |a prípravok  |2 slo 
650 4 |a optimalizácia  |2 slo 
650 4 |a simulácia  |2 slo 
650 4 |a fixture  |2 eng 
650 4 |a optimization  |2 eng 
650 4 |a simulation  |2 eng 
700 1 |a Csekei, Martin  |u 063000  |k Z3  |4 ths  |U MTF Materiálovotechnologická fakulta  |T MTF Ústav výrobných technológií  |X 91673  |U M3000  |Y 83  |7 91673 
856 4 |u http://is.stuba.sk/zp/portal_zp.pl?podrobnosti=164077 
996 |c M* BP-9707  |l MMSKP  |s P  |a 0  |w stuzp93850_0001